Państwa, które mają niebieski pasek na tablicach rejestracyjnych. - Statystyki

Ogólne statystyki
  • Ten quiz został rozwiązany 45 razy
  • Średni wynik to 28 z 34
Statystyki odpowiedzi
Odpowiedź % Poprawnych
Polska
100%
Niemcy
95%
Czechy
90%
Litwa
90%
Włochy
90%
Austria
88%
Grecja
88%
Łotwa
88%
Norwegia
88%
Słowacja
88%
Szwecja
88%
Belgia
86%
Bośnia i Hercegowina
86%
Chorwacja
86%
Estonia
86%
Hiszpania
86%
Irlandia
86%
Słowenia
86%
Bułgaria
83%
Finlandia
83%
Portugalia
83%
Holandia
81%
Węgry
81%
Albania
79%
Rumunia
79%
Ukraina
79%
Macedonia Północna
76%
Turcja
76%
Luksemburg
74%
Dania
71%
Czarnogóra
69%
Mołdawia
67%
Kosowo
62%
Malta
62%
Nie znaleziono quizów pasujących do podanych kryteriów
Rozkład punktacji
Procent ludzi z każdym wynikiem
Percentyl według liczby udzielonych odpowiedzi
Twoja historia wyników
Nie rozwiązałeś tego quizu